American diaspora by country or territory - Statistics

General Stats
  • This quiz has been taken 438 times
    427 since last reset
  • The average score is 20 of 32
Answer Stats
Hint Answer % Correct
115,000 United Kingdom
97%
738,100 Mexico
96%
137,000 Canada
95%
100,000 France
95%
94,600 Germany
93%
71,493 China
92%
99,349 Australia
90%
51,321 Japan
90%
70,000 Brazil
89%
50,000 Italy
87%
37,000 Argentina
81%
60,000 India
78%
21,462 New Zealand
77%
120,000 South Korea
77%
60,000 Colombia
74%
25,000 Panama
72%
12,000 Chile
70%
2,000-3,000 Cuba
68%
130,000 Costa Rica
58%
200,000 Israel
54%
30,000 Bahamas
50%
300,000 Philippines
50%
10,645 Taiwan
48%
5,000 Pakistan
47%
40,000 Malaysia
37%
33,509 Norway
37%
15,000 Honduras
31%
25,000 Lebanon
18%
8,000 Kuwait
17%
60,000 Hong Kong
15%
8,000 Bermuda
13%
160,000 Liberia
6%
No matching quizzes found
Score Distribution
Percent of People with Each Score
Percentile by Number Answered
Your Score History
You have not taken this quiz since the last reset